01782cam a22003491a 4500999001500000003000900015005001700024008004100041020001800082020001500100040004300115082002100158100004700179245016200226250002300388264004700411300002900458336002600487337002800513338002700541504005100568520034200619590001700961650006800978650003101046653002601077655001701103856007401120856008601194942002601280952012601306 c3370d3370EG-ScBUE20200108131111.0190729r20061997enk f b 001 0deng d a9780521035347 a0521035341 aEG-ScBUEbengerdacEG-ScBUEdEG-ScBUE04a809.915bBEL2221 aBell, Michael,‏ d1941-eauthor.10aLiterature, modernism and myth :bbelief and responsibility in the twentieth century /cMichael Bell, professor of English literature, University of Warwick. aReprinted edition. 1aCambridge :bCambridge Univ. Press,c2006. aviii, 260 pages ;c24 cm 2rdacontentatextbtxt 2rdamediaaunmediatedbn 2rdacarrieravolumebnc aIncludes bibliographical references and index. aModernist literature discovered through myth an underlying metaphysic to an increasingly fragmented world. Michael Bell's study shows how modernists also used myth to emphasize the contingency of all values. This anti-foundational element, Bell claims, enables myth to act as a corrective to the political claims of ideological critique. amahmoud sami 7aLiterature, Moderny20th centuryxHistory and criticism.2BUEsh 7aMyth in literature.2BUEsh bHHUUEENNcJanuary2020 vReading book413Table of contentsuhttp://www.loc.gov/catdir/toc/cam023/96014205.html413Publisher descriptionuhttp://www.loc.gov/catdir/description/cam027/96014205.html cBBk809.915B41312ddc 00102ddc4070aMAINbMAINc2NDd2007-04-04ePurchasel1m1o809.915 BELp000030532r2025-07-15 00:00:00s2014-10-26yBB